20 Utilisateurs de glace dans les Mangas / Anime - Statistiques

Statistiques générales
  • Ce quiz a été pris 308 fois
  • Le résultat moyen est 6 sur 20
Statistiques - réponses
Par images Réponse % Correct
Shoto
93%
Gray
87%
Aokiji
74%
Haku
66%
Goupix d'Alola
55%
Toshiro
43%
Emilia
32%
Esdeath
32%
San Shenron
18%
Uraume
15%
Hyoga
14%
Karim
10%
Horohoro
6%
Isaac
6%
Judar
6%
Yukina
3%
Kaguya
1%
Mizore Shirayuki
1%
Oyuki
1%
Yukihina
1%
Aucun quiz correspondant
Distribution des résultats
% des personnes avec chaque résultat
Percentile par nombre de réponses
Votre historique - résultats
Vous n’avez pas pris ce quiz